| 000 | 00000cam 2200000zi 4500 |
| 001 | 9.929611 |
| 003 | CaOODSP |
| 005 | 20251215125338 |
| 006 | m o d f |
| 007 | cr bn||||||||| |
| 008 | 230213e198103##qucbd ob f000 0 fre d |
| 040 | |aCaOODSP|bfre|erda|cCaOODSP |
| 043 | |an-cn-qu |
| 086 | 1 |aEn37-688/1981F-PDF |
| 110 | 2 |aCarrière, Varin, de Jocas, David et associés.|econsultant. |
| 245 | 10|aDocumentaire biophysique sur l'estuaire moyen du fleuve Saint-Laurent / |créalisé par Carrière, Varin, deJocas, David et Ass. Ltée. |
| 264 | 1|a[Ste-Foy, Québec] : |bEnvironnement Canada, Direction générale des eaux intérieures, Région du Québec, |cmars 1981. |
| 300 | |a1 ressource en ligne (227 pages) : |bcartes, graphiques |
| 336 | |atexte|btxt|2rdacontent/fre |
| 337 | |ainformatique|bc|2rdamedia/fre |
| 338 | |aressource en ligne|bcr|2rdacarrier/fre |
| 500 | |aTitre de la couverture. |
| 500 | |aÉdition numérisée de l’imprimé [par Environnement et changement climatique Canada]. |
| 504 | |aComprend des références bibliographiques. |
| 520 | |a« Dans le but de circonscrire les lacunes existantes dans l'estuaire moyen du Saint-Laurent, Environnement Canada nous a donné le mandat de réaliser un documentaire biophysique constituant une synthèse des études déjà réalisées dans cette région. Ce travail se veut d'abord une rétrospective de la littérature existante sur l'estuaire moyen. C'est pourquoi nous rapportons principalement des conclusions d'études plutôt que de faire l'analyse de données brutes. Nous y avons été parfois forcés cependant quand les études étaient inexistantes sur le sujet. Nous devant de limiter ce documentaire à un volume acceptable, nous référons le lecteur qui désirerait plus de détails ou d'informations sur les différents sujets aux sources mentionnés ainsi qu'à la bibliographie générale à la fin du document » -- Introduction, page 1. |
| 650 | 6|aEau|xQualité|zQuébec (Province)|zSaint-Laurent, Estuaire du|xMesure. |
| 650 | 0|aWater quality|zQuébec (Province)|zSaint Lawrence River Estuary|xMeasurement. |
| 651 | 6|aSaint-Laurent, Estuaire du (Québec)|xAspect de l'environnement. |
| 651 | 0|aSaint Lawrence River Estuary (Québec)|xEnvironmental aspects. |
| 710 | 1 |aCanada. |bDirection générale des eaux intérieures. |bRégion du Québec, |eorganisme de publication. |
| 856 | 40|qPDF|s3.67 Mo|uhttps://publications.gc.ca/collections/collection_2025/eccc/en37/En37-688-1981-fra.pdf |